Institutional Support of SMEs in EU and the Rest of the World bakalárska práca

Saved in:
Bibliographic Details
Main Author: Adesoye Olufemi, Paul Babatunde
Corporate Author: Fakulta podnikového manažmentu EU. Katedra podnikovohospodárska
Other Authors: Gajdová, Denisa, 1977-
Format: Book
Language:English
Published: Bratislava 2022
Tags: Add Tag
No Tags, Be the first to tag this record!

MARC

LEADER 00000nbm a2200000 4500
001 0285713
005 20230308142950.5
041 0 |a eng 
044 |a SK 
245 1 0 |a Institutional Support of SMEs in EU and the Rest of the World  |b bakalárska práca  |c Paul Babatunde Adesoye Olufemi ; školiteľ: Denisa Gajdová 
264 1 |a Bratislava  |c 2022 
300 |a 46 s. 
100 1 |a Adesoye Olufemi, Paul Babatunde 
700 1 |a Gajdová, Denisa, 1977- 
710 2 |a Fakulta podnikového manažmentu EU. Katedra podnikovohospodárska